| 000 | 00572nam a22001697a 4500 | ||
|---|---|---|---|
| 005 | 20240129134508.0 | ||
| 008 | 240129b |||||||| |||| 00| 0 eng d | ||
| 020 | _a9780409049145 ; 9780409049152 | ||
| 041 | _aEnglish | ||
| 082 | _a344.1 PRE | ||
| 100 |
_aPretorius, JL ; Klinck, ME and Ngwena, CG _lEnglish |
||
| 245 |
_aEmployment Equity Law / _cJL Pretorius, Me Klinck and CG Ngwena |
||
| 260 |
_aDurban : _bLexisNexis (Pty) Ltd, _c2001 |
||
| 300 |
_bxx, 215 pages ; _c26 cm. |
||
| 650 |
_aLega; practice _bLaw |
||
| 942 |
_cBK _6ALISON_BN_VRIES |
||
| 999 |
_c1290 _d1290 |
||